[Event "Donostia Spring op 10th"]
[Site "Donostia"]
[Date "2014.05.10"]
[Round "1.15"]
[White "Otegui Piquer, Juan Jose"]
[Black "Izagirre Alsua, Aritz"]
[Result "0-1"]
[WhiteElo "1353"]
[BlackElo "1912"]
[PlyCount "84"]
[EventDate "2014.05.10"]
[EventType "swiss"]
[EventRounds "7"]
[EventCountry "ESP"]
[SourceTitle "EXT 2024"]
[Source "ChessBase"]
[SourceDate "2023.10.10"]
[SourceVersion "1"]
[SourceVersionDate "2023.10.10"]
[SourceQuality "1"]

1. e4 c5 2. Nc3 d6 3. f4 g6 4. Nf3 Bg7 5. Bb5+ Nc6 6. 0-0 Bd7 7. d3 e6 8. Re1 Nge7 9. Be3 0-0 10. Rb1 Nd4 11. Bxd7 Qxd7 12. e5 Nec6 13. Ne4 dxe5 14. c3 Nxf3+ 15. gxf3 b6 16. Kh1 Rad8 17. Nf2 Qd6 18. Qd2 Qd5 19. Kg2 c4 20. Rbd1 cxd3 21. Qxd3 Qxa2 22. Qb1 Qc4 23. fxe5 Nxe5 24. Bg5 f6 25. Be3 Qc6 26. Qe4 f5 27. Qxc6 Nxc6 28. Bg5 Rxd1 29. Rxd1 h6 30. Be3 Rd8 31. Rxd8+ Nxd8 32. Nd1 Kf7 33. h3 Nc6 34. Kg3 b5 35. f4 a5 36. Bc5 a4 37. Nf2 Bf8 38. Nd3 Bxc5 39. Nxc5 Na5 40. Nd3 Nc4 41. Ne5+ Nxe5 42. fxe5 g5 0-1

[Event "San Sebastian Gros op 22nd"]
[Site "San Sebastian"]
[Date "2012.09.21"]
[Round "2"]
[White "Garrido Dominguez, Jose Antonio"]
[Black "Otegui Piquer, Juan Jose"]
[Result "1-0"]
[WhiteElo "1592"]
[BlackElo "1377"]
[PlyCount "57"]
[EventDate "2012.09.20"]
[EventType "swiss"]
[EventRounds "8"]
[EventCountry "ESP"]
[SourceTitle "EXT 2013"]
[Source "ChessBase"]
[SourceDate "2012.11.22"]
[SourceVersion "1"]
[SourceVersionDate "2012.11.22"]
[SourceQuality "1"]

1. e4 e5 2. Nf3 Nc6 3. Bc4 Bc5 4. 0-0 Nf6 5. d3 0-0 6. Bg5 h6 7. Bh4 Be7 8. Nc3 Re8 9. h3 d6 10. d4 a6 11. d5 b5 12. Be2 Na5 13. b4 Nc4 14. Bd3 Nb2 15. Qc1 Nxd3 16. cxd3 Bd7 17. d4 exd4 18. Nxd4 Nxe4 19. Bxe7 Rxe7 20. Re1 Nxc3 21. Qxc3 Rc8 22. Rxe7 Qxe7 23. Nc6 Qf6 24. Qxf6 gxf6 25. Ne7+ Kf8 26. Nxc8 Bxc8 27. Rc1 Bb7 28. Rxc7 Bxd5 29. a3 1-0